Valéria e a vida (Registo nº 4675)

Detalhes MARC
000 -Etiqueta do registo
Cabeçalho 00755nam0a2200265 4500
005 - Identificador da versão
Campo de controlo 20240813122108.0
010 ## - Número internacional normalizado dos livros (ISBN)
Número (ISBN) 9875570996
021 ## - Número do Depósito Legal
Código do país PT
Número 207342/04
100 ## - Dados gerais de processamento
Dados gerais de processamento 20190318d2004 c y0pory5003 ba
102 ## - Pais de publicação ou produção
País de publicação Portugal
101 0# - Língua de publicação
Língua do texto, banda sonora, etc. Português
215 ## - Descrição física 
Indicação específica da natureza do documento e extensão da espécie 37 p.
Outras indicações físicas il. color
200 1# - Titulo e menção de responsabilidade
Título próprio Valéria e a vida
Primeira menção de responsabilidade texto de Sidónio Muralha
Outras menções de responsabilidade il. de Inês de Oliveira
205 ## - Menção da edição
Menção da edição 1ª ed
210 ## - Publicação, Distribuição, etc. 
Lugar da edição, distribuição, etc. Vila Nova de Gaia
Nome do editor, distribuidor, etc. Gailivro
Data da publicação, distribuição, etc. 2004
300 ## - Notas gerais 
Texto da nota PNL
606 ## - Nome comum usado como assunto
Número de registo de entrada de autoridade 0001335
Palavra de ordem Literatura portuguesa
Subdivisão de assunto Conto
Código do sistema CA
675 ## - Classificação Decimal Universal (CDU)
Notação 821.134.3-34
Edição 3ª ed.
Língua da edição por
702 #1 - Nome de autor-pessoa física (responsabilidade secundária)
Número de registo de entrada de autoridade 0002093
Palavra de ordem Oliveira
Outra parte do nome não tomada para palavra de ordem Inês de
Código de função Ilustrador / Técnico de desenho computorizado
700 #1 - Nome de autor-pessoa física (responsabilidade principal)
Número de registo de entrada de autoridade 0000472
Palavra de ordem Muralha
Outra parte do nome não tomada para palavra de ordem Sidónio
Datas 1920-1982
966 ## - Identificação da Biblioteca
Sigla EBVEN
942 ## - Elementos de entrada adicionados (Koha)
Tipo de item no Koha Livro
Exemplares
Situação do levantamento Origin of item (home branch) (coded) Biblioteca de empréstimo Código de barras Cota Circulation type (not for loan) Tipo de documento Nota do exemplar Damaged status
  Biblioteca Escolar das Vendas Biblioteca Escolar das Vendas BEV1444 8POR MUR PNL   Livro Sem mensagem